Ocean container transportation : an operational perspective
Αποθηκεύτηκε σε:
| Κύριος συγγραφέας: | |
|---|---|
| Άλλοι συγγραφείς: | , |
| Μορφή: | Βιβλίο |
| Γλώσσα: | English |
| Δημοσίευση: |
New York : London :
Taylor & Francis,
c1990
|
| Θέματα: | |
| Ετικέτες: |
Προσθήκη ετικέτας
Δεν υπάρχουν, Καταχωρήστε ετικέτα πρώτοι!
|
MARC
| LEADER | 00000cam a2200000 i 4500 | ||
|---|---|---|---|
| 001 | 1/2145 | ||
| 008 | 000421s1990 eng d | ||
| 020 | |a 0-8448-1628-0 | ||
| 035 | |l 10060293 | ||
| 040 | |a GR-MY-UA |b gre |e aacr | ||
| 041 | 0 | |a eng | |
| 082 | 0 | |a 387.5442 | |
| 100 | 1 | |a Chadwin, Mark Lincoln. | |
| 245 | 1 | 0 | |a Ocean container transportation : |b an operational perspective / |c Mark L. Chadwin, James A. Pope, Wayne K. Talley |
| 260 | |a New York : |a London : |b Taylor & Francis, |c c1990 | ||
| 300 | |a vii, 141 p.; |b ill.; |c 26 cm. | ||
| 504 | |a Includes bibliographical references and index | ||
| 650 | 0 | 0 | |a Containerization. |
| 650 | 0 | 0 | |a Shipping. |
| 700 | 1 | |a Pope, James A. | |
| 700 | 1 | |a Talley, Wayne Kenneth. | |
| 852 | |a INST |b CHIOS |e 20000626 |h 387.5442 CHA |p 005200017666 |q 005200017666 |t BK |y 0 | ||
| 852 | |a INST |b CHIOS |e 20000421 |h 387.5442 CHA |p 005200018645 |q 005200018645 |t BK |y 0 | ||
| 901 | |a BIBL2-2000-2 | ||
| 909 | |a Χ |b 076044 | ||
| 909 | |a Χ |b 074464 | ||
| 970 | |z 2000/04/ΜΙΧΑΗΛΙΔΟΥ ΑΝΝΑ | ||
| 970 | |z 2000/06/ΜΠΡΑΤΤΗΣ | ||